000 00697nam a2200181 a 4500
001 000027820
005 20200930031125.0
008 110405s2000 tr a 000 0 spa d
020 _a9766201412
040 _aDO-SdBNP
_bspa
_cBNPHU
082 _axxx
_bxxx
111 1 _aConference on Mexico-Caribbean Trade & Economic Relations
_n(23-24 of june
_d1997:
_cTrinidad)
_954890
245 1 0 _aMexico-Caribbean trade & economic relations /
_ceditor, Dennis Pantin.
260 _aSt. Augustine, Trinidad : Deptment of Economics, Faculty of Social Sciences, University of the West Indies.
300 _avii, 181
_aill ;
_c28 cm.
504 _aBibliography: p. 179-180
700 1 2 _aPantin, Dennis
_etr.
_954891
999 _c27312
_d27312